Catholic University of Zimbabwe Library
Online Public Access Catalogue
(OPAC)

The Nuttall dictionary of English synonyms and antonyms, (Record no. 15201)

MARC details
000 -LEADER
fixed length control field 00845cam a2200205u 4500
001 - CONTROL NUMBER
control field 9724015
003 - CONTROL NUMBER IDENTIFIER
control field OSt
005 - DATE AND TIME OF LATEST TRANSACTION
control field 20200305093957.0
008 - FIXED-LENGTH DATA ELEMENTS--GENERAL INFORMATION
fixed length control field 821206s1940 enk 000 0aeng
010 ## - LIBRARY OF CONGRESS CONTROL NUMBER
LC control number 41015633
040 ## - CATALOGING SOURCE
Original cataloging agency DLC
Transcribing agency CarP
Modifying agency DLC
050 00 - LIBRARY OF CONGRESS CALL NUMBER
Classification number PE1591
Item number .N8
100 1# - MAIN ENTRY--PERSONAL NAME
Personal name Nuttall, P. Austin.
245 14 - TITLE STATEMENT
Title The Nuttall dictionary of English synonyms and antonyms,
Remainder of title containing over 10,000 words in current use, arranged alphabetically, showing upwards of 70,000 parallel expressions with opposite examples,
260 ## - PUBLICATION, DISTRIBUTION, ETC.
Place of publication, distribution, etc. London and New York,
Name of publisher, distributor, etc. F. Warne and co., ltd.
Date of publication, distribution, etc. [1940]
300 ## - PHYSICAL DESCRIPTION
Extent viii, 272 p.
Dimensions 21 cm.
650 #0 - SUBJECT ADDED ENTRY--TOPICAL TERM
Topical term or geographic name entry element English language
General subdivision Synonyms and antonyms
Form subdivision Dictionaries.
700 1# - ADDED ENTRY--PERSONAL NAME
Personal name Christ, G. Elgie, [from old catalog]
Relator term ed.
906 ## - LOCAL DATA ELEMENT F, LDF (RLIN)
a 0
b cbc
c premunv
d u
e ncip
f 19
g y-gencatlg
942 ## - ADDED ENTRY ELEMENTS (KOHA)
Source of classification or shelving scheme
Koha item type OS Book
Classification part PE1591.N
Holdings
Withdrawn status Lost status Source of classification or shelving scheme Damaged status Not for loan Home library Current library Shelving location Date acquired Source of acquisition Cost, normal purchase price Inventory number Total Checkouts Full call number Barcode Date last seen Price effective from Koha item type
          CUZ Harare Campus CUZ Harare Campus Open Shelf 05.03.2020 Donation 20.00 CUZ11681   PE1591.N BK008995 22.05.2025 05.03.2020 OS Book

OPENING HOURS

Weekdays: 0815hrs - 1800hrs
Weekends:0900hrs - 1200hrs

Closed for Mass:

Mon, Thur: 1200hrs - 1300hrs
Sunday & Public Holiday’s

CALL SUPPORT

0242-570570, 0242-570169
09200664, +263 8644140602

LOCATION

18443, Cranborne Avenue, Hatfield, Harare

Other Links


©2021 | CUZ Library